El silencio

Salvato in:
Dettagli Bibliografici
Autori principali: Castilla del Pino, Carlos (Autore), Boves Naves, Carmen (Autore), Fierro, Alfredo (Autore), Ramirez Gonzalez, Jose L (Autore)
Altri autori: Alvarez Bolado, Alfonso (autor), Muguerza, Javier (autor)
Natura: Libro
Lingua:spagnolo
Pubblicazione: Madrid Alianza 1992
Serie:Alianza Universidad, 702
Soggetti:
Tags: Aggiungi Tag
Nessun Tag, puoi essere il primo ad aggiungerne!!

MARC

LEADER 00000nam a2200000 a 4500
001 UCX6360
003 CL-VaPUC
008 930526e19920000SP |||||||||||||||||spa|d
082 0 4 |a 150.194  |b CAS  |2 21 
100 0 |a Castilla del Pino, Carlos  |e author  |9 322802 
700 |a Alvarez Bolado, Alfonso  |e autor  |9 322803 
700 0 |a Boves Naves, Carmen  |e author  |9 322804 
700 0 |a Fierro, Alfredo  |e author  |9 322805 
700 |a Muguerza, Javier  |e autor  |9 582951 
700 0 |a Ramirez Gonzalez, Jose L  |e author  |9 322807 
245 1 3 |a El silencio 
300 |a 180 p 
942 |c BK 
945 |d 19930526 00:00:00 
260 |a Madrid  |b Alianza  |c 1992 
650 7 |a SILENCIO ASPECTOS PSICOLOGICOS  |2 CL-VaPUC  |9 322808 
650 7 |a SILENCIO ASPECTOS LITERARIOS  |2 CL-VaPUC  |9 322809 
650 7 |a CONDUCTA PSICOLOGIA  |2 CL-VaPUC  |9 307702 
583 |a last modification  |c 19930526 00:00:00  |k Rodrigo Vera 
490 0 |a Alianza Universidad, 702 
999 |c 226388  |d 226386 
952 |0 0  |1 0  |4 0  |6 150_194000000000000_CAS_1992  |7 0  |8 A  |9 224696  |a FDOPOS  |b FDOPOS  |d 2019-11-15  |i 2934620  |o 150.194 CAS 1992  |p 2934620  |r 2025-01-22  |w 2019-11-15  |y BK  |k MLA